Normal view
MARC view
Entry Personal Name
001 - CONTROL NUMBER
- control field: 16234
003 - CONTROL NUMBER IDENTIFIER
- control field: BD-RjUL
005 - DATE AND TIME OF LATEST TRANSACTION
- control field: 20250723155039.0
008 - FIXED-LENGTH DATA ELEMENTS
- fixed length control field: 250723|| aca||aabn | a|a d
040 ## - CATALOGING SOURCE
- Original cataloging agency: BD-RjUL
- Transcribing agency: BD-RjUL
100 ## - HEADING--PERSONAL NAME
- Personal name: فرخي, اسلم ;; farkhy, Aslam
670 ## - SOURCE DATA FOUND
- Source citation: Work cat.: (BD-RjUL)85300: فرخي, اسلم ;; farkhy, Aslam, محمد حسین آزاد : حیات اور تصانىف / Muḥammad Ḥusain Āzād : ḥayāt aur taṣānīf , 1965